000 00481nam a2200181Ia 4500
001 16429
005 20260306170309.0
008 260306t2021||||xx |||||||||||||| ||und||
041 _aESP
082 _a348.6
_bC34
100 _aCastillo Guzmán, Jorge,
_eAUT
245 0 _aModelos de liquidación de beneficios sociales ;Modelos de contratación laboral
260 _c2021
300 _a64 páginas :
_c24 cm.
650 _aGEN
654 _aCDE
942 _cLIB
_dJUS
_fJUS
_2ddc
_n
999 _c16429
_d16429